|
|
|
|
| LEADER |
01058nam a2200253 a 4500 |
| 001 |
11962315 |
| 008 |
090511s2000 dcua b f001 0 eng d |
| 010 |
|
|
|a \\\00038684
|z \\\00031047
|
| 040 |
|
|
|a DLC
|c DLC
|d DLC
|
| 082 |
0 |
0 |
|a 629.4/0947
|2 21
|
| 100 |
1 |
|
|a Siddiqi, Asif A.,
|d 1966-
|
| 245 |
1 |
0 |
|a Challenge to Apollo :
|b the Soviet Union and the space race, 1945-1974 /
|c by Asif A. Siddiqi.
|
| 260 |
|
|
|a Washington, D.C. :
|b National Aeronautics and Space Administration, NASA History Div., Office of Policy and Plans,
|c 2000.
|
| 300 |
|
|
|a xvi, 1011 p. :
|b ill. ;
|c 25 cm.
|
| 490 |
1 |
|
|a NASA history series
|
| 490 |
1 |
|
|a NASA SP ;
|v 2000-4408
|
| 504 |
|
|
|a Includes bibliographical references and index.
|
| 541 |
1 |
|
|e 00007898
|
| 650 |
|
0 |
|a Astronautics
|z Soviet Union
|x History.
|
| 650 |
|
0 |
|a Space race
|x History.
|
| 830 |
|
0 |
|a NASA SP ;
|v 4408.
|
| 852 |
4 |
|
|a Ayesha Abed Library
|j Generalshelf
|
| 999 |
|
|
|c 566
|d 566
|
| 952 |
|
|
|0 0
|1 0
|2 ddc
|4 0
|6 629_409470000000000_SID_2000
|7 0
|9 515
|a BRACUL
|b BRACUL
|c GEN
|d 2009-05-11
|l 0
|o 629.40947 SID
|p 3010007898
|r 2009-05-11
|t 1
|w 2009-05-11
|y BK
|